Information matters /

Bibliographic Details
Corporate Author: United States. Securities and Exchange Commission
Format: Government Document eBook
Language:English
Published: [Washington, D.C.] : U.S. Securities and Exchange Commission, [2006]
Edition:[2006 ed.].
Subjects:
Online Access:https://purl.fdlp.gov/GPO/LPS112130

MARC

Tag First Indicator Second Indicator Subfields
LEADER 00000cam a2200000Ia 4500
001 in00002492403
005 20211202191522.0
006 m d f
007 cr nn|||||||||
008 090430s2006 dcu s f000 0 eng d
035 |a (OCoLC)ocn319717228 
040 |a GPO  |c GPO  |d MvI  |d UtOrBLW 
049 |a WWW 
074 |a 0904 (online) 
086 0 |a SE 1.2:IN 3/2 
245 0 0 |a Information matters /  |c U.S. Securities and Exchange Commission. 
250 |a [2006 ed.]. 
264 1 |a [Washington, D.C.] :  |b U.S. Securities and Exchange Commission,  |c [2006] 
300 |a 1 electronic text :  |b HTML file. 
336 |a text  |b txt  |2 rdacontent 
337 |a computer  |b c  |2 rdamedia 
338 |a online resource  |b cr  |2 rdacarrier 
538 |a Mode of access: Internet from the SEC web site. Address as of 4/30/09: http://www.sec.gov/answers/infomatters.htm ; current access available via PURL. 
500 |a Title from title screen (viewed Apr. 30, 2009). 
500 |a "Modified: 02/22/2006." 
500 |a Electronic resource. 
650 0 |a Investment banking. 
650 0 |a Financial statements. 
710 1 |a United States.  |b Securities and Exchange Commission. 
856 4 0 |u https://purl.fdlp.gov/GPO/LPS112130  |t 0 
999 |a MARS 
999 f f |s 3b9427e8-e1e5-30a1-9e31-de57c86a7428  |i 2109a8e8-640a-3f97-935d-e17773ad12a0  |t 0 
952 f f |a Texas A&M University  |b College Station  |c Electronic Resources  |d Available Online  |t 0  |e SE 1.2:IN 3/2  |h Superintendent of Documents classification 
998 f f |a SE 1.2:IN 3/2  |t 0  |l Available Online